| 000 | 03300nam a2200301Ia 4500 | ||
|---|---|---|---|
| 003 | CO-CtgCURN | ||
| 005 | 20250410162918.0 | ||
| 008 | 191207s2014 xx f 000 0 spa d | ||
| 020 | _a 9789587493641 | ||
| 040 |
_aCO-CtgCURN _bspa _ccoctgcurn |
||
| 082 |
_a344.02 _bS456 |
||
| 245 | 0 |
_aSeguridad social : _btemas selectos / _ccompiladores., Diana María Gómez Hoyos;Fabián Ignacio Hernández Henríquez |
|
| 260 |
_aBogotá, Colombia : _bGrupo Editorial Ibañez, _c2014 |
||
| 300 |
_a508 páginas ; _c23 centímetros |
||
| 504 | _aIncluye referencias bibliógráficas | ||
| 505 | _aHistoria de la seguridad social. -- Temas de reflexión sobre el futuro de la seguridad social -- Pisos de protección social para la justicia social y una globalización equitativa --. Salud: la salud en Colombia: entre avances, retrocesos, estancamientos y reformas. -- Panorama de salud en Colombia desde la Ley 100 hasta la fallida emergencia económica: antecedentes para una reforma.-- Los prestadores de servicios de salud. Reconocimiento y pago de incapacidades de origen común o enfermedad general. -- Pensiones: Estado Social de Derecho y pensiones: un debate a reformular.-- La edad de pensión: dos visiones, un solo principio. -- El régimen de transición pensional. -- El régimen de ahorro individual con solidaridad. -- Inconsistencias del sistema general de pensiones. -- Pensiones especiales por actividades de alto riesgo. -- La convivencia en la perspectiva de la pensión de sobrevivientes. -- La pensión de jubilación proporcional: del Código Laboral al sistema de seguridad social y la especial regulación de la pensión del presidente. -- Bonos pensionales. -- Pensión de invalidez en caso de personas que padecen enfermedades congénitas, crónicas o degenerativas. -- Riesgos laborales: Salud y vida de los trabajadores en la normativa colombiana. -- La culpa del empleador en el accidente laboral, en palabras de la Corte Suprema de Justicia. -- Desempleo: La protección social de la contingencia de desempleo. | ||
| 520 | _aCumpliendo con uno de los objetivos que me tracé en el planteamiento del programa de la gobernación 2013-2014 del Colegio de Abogados Especializados en Derecho del Trabajo y de la Seguridad Social de Colombia y que sometí a consideración de los miembros de la agremiación, presento a la comunidad con gran satisfacción esta obra jurídica titulada "Seguridad Social, temas selectos", que bajo la coordinación de nuestro colegiado Fabián Ignacio Hernández Henríquez y con el aporte académico de varios colegiados y otros abogados no colegiados, ha dado como resultado 19 atrayentes artículos sobre cuestiones seleccionadas respecto a generalidades de la seguridad social, pensiones, salud, riesgos laborales y desempleo. | ||
| 521 | _aAREA PROFESIONAL | ||
| 590 | _aPrograma de Derecho_18 | ||
| 650 |
_aPensiones _92855 |
||
| 650 |
_aProtección social _92856 |
||
| 650 |
_aSeguridad social _92857 |
||
| 700 |
_aGómez Hoyos, Diana María _ecompiladora _92858 |
||
| 700 |
_aHernández Henríquez, Fabián Ignacio _ecompilador _92859 |
||
| 942 |
_cBK _h344.02 _iS456 _2ddc _01 _n0 |
||
| 999 |
_c30651 _d30651 |
||